| 000 | 00590nam a22001697a 4500 | ||
|---|---|---|---|
| 003 | NUST | ||
| 038 | _aNusrat Nadeem | ||
| 082 | _a200 | ||
| 100 |
_aFaisal, Inbisat _9126231 |
||
| 245 |
_aExploring the Lived Experiences of Female Domestic Workers in Islamabad, Pakistan: A Phenomenological Study/ _cInbisat Faisal, |
||
| 264 |
_aIslamabad; _bS3H NUST; _c2024. |
||
| 300 |
_a128,p; _bill; _c30,cm. |
||
| 650 |
_aMS-Development Studies _9123041 |
||
| 700 |
_aSupervisor: Dr. Tauqeer Hussain Shah _9125297 |
||
| 856 | _uhttp://10.250.8.41:8080/xmlui/handle/123456789/46995 | ||
| 942 |
_2ddc _cSC |
||
| 999 |
_c611966 _d611966 |
||